| 000 | 00413nam a22001697a 4500 | ||
|---|---|---|---|
| 005 | 20260413182133.0 | ||
| 008 | 260413b |||||||| |||| 00| 0 eng d | ||
| 020 | _a9789697834617 | ||
| 040 | _cPK-LaNCA | ||
| 082 |
_a923 _bIBN |
||
| 100 | _aI. A. Rehman | ||
| 245 | _aA lifetime of dissent: a memoir | ||
| 260 |
_aFolio Books _bLahore _c2023 |
||
| 300 | _axi, 182p | ||
| 650 | _aIbn Abdur Rehman | ||
| 942 | _cBK | ||
| 999 |
_c67222 _d67222 |
||